MARC

LEADER 00000nam0a2200000 4500
001 323381
005 20231102003550.0
010 |b 5000 экз. 
035 |a (RuTPU)RU\TPU\book\348965 
090 |a 323381 
100 |a 20161018d1923 m y0rusy50 ca 
101 0 |a rus 
102 |a UA 
105 |a y z 001zy 
200 1 |a Администратор  |e этюд из проблем научной организации труда  |f С. Стрельбицкий  |g авт. предисл. В. Монич 
210 |a Харьков  |c Издательство "Пролетарий"  |d 1923 
215 |a 35 с. 
316 |5 63413507: М-132147  |a Владельческая подпись: "Бутаков" и штамп книжного магазина Сибкраиздата 
317 |5 63413507: М-132147  |a Поступила в НТБ в 1970 г. в составе книжного собрания профессора ТПИ И. Н. Бутакова 
320 |a Основная литература по научной организации труда: с. 33-35 
606 1 |a НОТ (научная организация труда)  |2 stltpush  |3 (RuTPU)RU\TPU\subj\36531  |9 57875 
610 1 |a администрирование 
610 1 |a владельческая надпись 
610 1 |a библиотека И. Н. Бутакова 
610 1 |a управление предприятием 
610 1 |a управление персоналом 
610 1 |a трудовое право 
675 |a 658.310.3  |v 4 
700 1 |a Стрельбицкий  |b С. 
702 1 |a Монич  |b В.  |4 080 
801 1 |a RU  |b 63413507  |c 20161018 
801 2 |a RU  |b 63413507  |c 20190723  |g RCR 
942 |c BK